Costia Riabtsev en la Universidad / (Record no. 110985)

MARC details
000 -LEADER
campo de control de longitud fija 00644nam a2200193 i 4500
001 - NÚMERO DE CONTROL
campo de control 110985
003 - IDENTIFICADOR DE NÚMERO DE CONTROL
campo de control ES-MaACL
005 - FECHA Y HORA DE LA ÚLTIMA TRANSACCIÓN
campo de control 20231204174648.0
007 - CAMPO FIJO DE DESCRIPCIÓN FÍSICA--INFORMACIÓN GENERAL
campo de control de longitud fija t|
008 - DATOS DE LONGITUD FIJA--INFORMACIÓN GENERAL
campo de control de longitud fija 061121s1932 sp r ||||1| spa d
100 1# - ENTRADA PRINCIPAL--NOMBRE DE PERSONA
Nombre de persona Ognief, Nicolai.
9 (RLIN) 86577
245 10 - MENCIÓN DEL TÍTULO
Título Costia Riabtsev en la Universidad /
Mención de responsabilidad, etc. Nicolai Ognief ; traducción directa del ruso por Tatiana Enco de Valero, José María Quiroga Pla.
260 ## - PUBLICACIÓN, DISTRIBUCIÓN, ETC.
Lugar de publicación, distribución, etc. Madrid :
Nombre del editor, distribuidor, etc. Espasa Calpe,
Fecha de publicación, distribución, etc. 1932.
300 ## - DESCRIPCIÓN FÍSICA
Extensión 324 p. ;
Dimensiones 19 cm.
700 1# - ENTRADA AGREGADA--NOMBRE PERSONAL
Nombre de persona Enco de Valero, Tatiana.
9 (RLIN) 47193
700 1# - ENTRADA AGREGADA--NOMBRE PERSONAL
Nombre de persona Quiroga Plá, José María,
Fechas asociadas al nombre 1902-1955
9 (RLIN) 94784
852 ## - LOCALIZACIÓN
Ubicación ES-MaACL
Número de control de estantería A-662
Holdings
Estatus retirado Estado de pérdida Estado de daño No para préstamo Biblioteca de origen Biblioteca actual Ubicación en estantería Fecha de adquisición Fuente de adquisición Total de préstamos Signatura topográfica completa Código de barras Visto por última vez Precio de reemplazo Tipo de ítem Koha
        Biblioteca del Ateneo de Madrid Biblioteca del Ateneo de Madrid Sala Pecera Planta 1 17/01/2008     A-662 1115797 23/02/2023 23/02/2023 Libro impreso